000 00456nam a2200181Ia 4500
001 3269
005 20260306144908.0
008 260306t2002||||xx |||||||||||||| ||spa||
041 _aESP
082 _a262.91
_bL45 2002
100 _aLeon XIII
_eAUT
245 0 _aCarta encíclica rerum novarum:
_bsobre la situación de los obreros
260 _c2002
300 _a61 páginas :
_c20 cm.
650 _aGEN
654 _aCHU
942 _cLIB
_dJUS
_fJUS
_2ddc
_n
999 _c3269
_d3269